00354 a2200145 450000100060000002000180000604000220002410000330004624000410007924500360012030000080015636200090016444000190017365000160019268193 a9788563365125 cAnchieta - Pituba aDufaux, Ermance (espírito)10aReforma íntima sem martíriolpor10aReforma íntima sem martírio a2910 a2012 1aDufaux Editora 4aEspiritismo